| 000 | 00590nam a2200181 i 4500 | ||
|---|---|---|---|
| 001 | 64173 | ||
| 003 | ES-MaACL | ||
| 005 | 20230906165048.0 | ||
| 007 | t| | ||
| 008 | 031222s1966 sp ||||1| spa d | ||
| 100 | 1 |
_aFletcher, Allan. _951181 |
|
| 245 | 1 | 3 |
_aLa investigación operativa en la práctica de la empresa / _cpor Allan Fletcher y Geofrey Clarke ; traducido por Tiburcio Alonso. |
| 260 |
_aBilbao : _bDeusto, _c[1966] |
||
| 300 |
_a252 p. : _bil. ; _c21 cm. |
||
| 700 | 1 |
_aClarke, Geoffrey. _939060 |
|
| 700 | 1 |
_aAlonso, Tiburcio. _920249 |
|
| 852 |
_aES-MaACL _jC-31289 _bR.61866 |
||
| 999 |
_c64173 _d64173 |
||